01881nam a22002417a 4500003000900000008004100009020001800050040007100068082001900139100002900158245006600187246004100253260004600294300006400340505103400404650004201438650001901480650001301499700001001512700003301522710003001555710005401585AR-CdUCM190227b ||||| |||| 00| 0 spa d a9786124097706 aMUNICIPALIDAD PROVINCIAL DEL CUSCOcBIBLIOTECA MUNICIPAL DEL CUSCO b985.612 /2K26 aKauffmann Doig, Federico aMachu Picchu :bSortilegio en piedra = Enchantment in stone / aMachu Picchu :bEnchantment in stone aLima :bUniversidad Alas Peruanas,c2014. a2 t.bilustraciones, mapas, fotografías, laminas,c34 cm. aConmtenido: t.1 : Machu Picchu: Glosas introductorias = Machu Picchu: Introductory Comments -- Machu Picchu en su escenario histórico: Los incas y sus ancestros = Machu Picchu in its historical context: The Incas and their ancestors -- El mundo descubre Machu Picchu = The world discovers Machu Picchu -- Machu Picchu: Expediciones y estudios = Machu Picchu: Expeditions and studies ... -- t.2 : Machu Picchu: Arquitectura e Ingeniería Civil = Machu Picchu: Architecture and Civil Engineering -- Machu Picchu: Descripción = Machu Picchu: Description -- En torno al Intihuatana de Machu Picchu = Regarding Machu Picchu's Intihuatana -- Testimonios en el entorno de Machu Picchu = Other sites surrounding Machu Picchu -- Machu Picchu: Sitios Arqueológicos aledaños = Machu Picchu: Nearby Archaeological sites -- Otros testimonios arquitectónicos en el territorio de Vilcabamba = Other architectural sites in the Vilcabamba territory -- Caminos incas que conducen a Machu Picchu = Inca trails leading to Machu Picchu ... aSantuario Histórico de Machu Picchu aCusco - Perú aHistoria aICPNA aStephen Light (traducción) aUniversidad Alas Peruanas aInstituto Cultural Peruano Norteamericano (Lima).